000 00528nam a2200169Ia 4500
999 _c28525
_d28525
003 OSt
005 20201118113317.0
008 190216s9999||||xx |||||||||||||| ||und||
040 _coclc
082 _a894.8123
_bKAR/E
100 _aKaryakkulam, Radhakrishnan
_96715
245 0 _aEe Vazhiyil Oru Pularvasantham /
_cRadhakrishnan Karyakkulam
260 _bJanapriya Pusthakaprasadhanasala,
_aKottayam:
_c2005.
300 _a172p
650 _aNovel
942 _cBK
_2ddc
_h894.8123
_iPUL/E
_k894.8123
_mPUL/E